00489nam a22001697a 450000500170000001000150001702000250003203500150005703700130007208200140008524500700009925000060016926000510017527000510022630000190027770000230029620240207122910.0 aENG-139142 a9788123428888c50.00 aEN- 122674 bDBAD/PUB a881.0821 aFloral Gems of Poems:cEdited by G. Ruby Davaseeli and R. Shanthi a1 aCHENNAIbNew Century book house (p) Ltd.c2016 a41B, SIDCO Industrial Estate, Ambatture600098 a70p.c22cm(pb) aR. SHANTHIeEDITOR